<?xml version="1.0" encoding="UTF-8"?>
<record
    xmlns:xsi="http://www.w3.org/2001/XMLSchema-instance"
    xsi:schemaLocation="http://www.loc.gov/MARC21/slim http://www.loc.gov/standards/marcxml/schema/MARC21slim.xsd"
    xmlns="http://www.loc.gov/MARC21/slim">

  <leader>01337nam a22003017a 4500</leader>
  <datafield tag="999" ind1=" " ind2=" ">
    <subfield code="c">170483</subfield>
    <subfield code="d">170483</subfield>
  </datafield>
  <controlfield tag="005">20191216163728.0</controlfield>
  <datafield tag="010" ind1=" " ind2=" ">
    <subfield code="a">B-731369-376</subfield>
  </datafield>
  <datafield tag="020" ind1=" " ind2=" ">
    <subfield code="a">97881815359006(&#x92D;&#x93E;-1)</subfield>
    <subfield code="c">50.00</subfield>
  </datafield>
  <datafield tag="020" ind1=" " ind2=" ">
    <subfield code="a">9788181535917(&#x92D;&#x93E;-2)</subfield>
    <subfield code="c">50.00</subfield>
  </datafield>
  <datafield tag="020" ind1=" " ind2=" ">
    <subfield code="a">978181535924(&#x92D;&#x93E;-3)</subfield>
    <subfield code="c">50.00</subfield>
  </datafield>
  <datafield tag="020" ind1=" " ind2=" ">
    <subfield code="a">9788181535931(&#x92D;&#x93E;-4)</subfield>
    <subfield code="c">50.00</subfield>
  </datafield>
  <datafield tag="020" ind1=" " ind2=" ">
    <subfield code="a">9788181535948(&#x92D;&#x93E;-5)</subfield>
    <subfield code="c">50.00</subfield>
  </datafield>
  <datafield tag="020" ind1=" " ind2=" ">
    <subfield code="a">9788181535955(&#x92D;&#x93E;-6)</subfield>
    <subfield code="c">50.00</subfield>
  </datafield>
  <datafield tag="020" ind1=" " ind2=" ">
    <subfield code="a">9788181535962(&#x92D;&#x93E;-7)</subfield>
    <subfield code="c">50.00</subfield>
  </datafield>
  <datafield tag="020" ind1=" " ind2=" ">
    <subfield code="a">9788181535979(&#x92D;&#x93E;-8)</subfield>
    <subfield code="c">50.00</subfield>
  </datafield>
  <datafield tag="035" ind1=" " ind2=" ">
    <subfield code="a">B-731369-376</subfield>
  </datafield>
  <datafield tag="035" ind1=" " ind2=" ">
    <subfield code="a">B-730292-299</subfield>
  </datafield>
  <datafield tag="037" ind1=" " ind2=" ">
    <subfield code="b">&#x930;&#x947;&#x928;&#x92C;&#x94B; &#x92C;&#x941;&#x915;&#x94D;&#x938;</subfield>
  </datafield>
  <datafield tag="037" ind1=" " ind2=" ">
    <subfield code="b">&#x921;&#x940;.&#x92C;&#x940;.&#x90F;.&#x921;&#x940;./ &#x909;&#x92A;&#x939;&#x93E;&#x930;</subfield>
  </datafield>
  <datafield tag="082" ind1=" " ind2=" ">
    <subfield code="a">&#x915;</subfield>
  </datafield>
  <datafield tag="245" ind1=" " ind2=" ">
    <subfield code="a">&#x930;&#x947;&#x928;&#x92C;&#x94B; &#x92A;&#x902;&#x91A;&#x924;&#x902;&#x924;&#x94D;&#x930; &#x915;&#x940; &#x915;&#x939;&#x93E;&#x928;&#x93F;&#x92F;&#x93E;&#x901; </subfield>
  </datafield>
  <datafield tag="260" ind1=" " ind2=" ">
    <subfield code="a">&#x926;&#x93F;&#x932;&#x94D;&#x932;&#x940;</subfield>
    <subfield code="b">&#x930;&#x947;&#x928;&#x92C;&#x94B; &#x92C;&#x941;&#x915;&#x94D;&#x938;</subfield>
    <subfield code="c">2017</subfield>
  </datafield>
  <datafield tag="270" ind1=" " ind2=" ">
    <subfield code="a">&#x90F;&#x92B;-32,&#x917;&#x932;&#x940; &#x928;&#x902;.-12,&#x92A;&#x930;&#x935;&#x93E;&#x928;&#x93E; &#x930;&#x94B;&#x921;&#x93C;,&#x91C;&#x917;&#x924; &#x92A;&#x941;&#x930;&#x940;,</subfield>
    <subfield code="b">&#x926;&#x93F;&#x932;&#x94D;&#x932;&#x940;</subfield>
    <subfield code="e">110051</subfield>
  </datafield>
  <datafield tag="300" ind1=" " ind2=" ">
    <subfield code="a">8&#x92D;&#x93E;.(16&#x92A;&#x943;.;16&#x92A;&#x943;.;16&#x92A;&#x943;.;16&#x92A;&#x943;.;16&#x92A;&#x943;.;16&#x92A;&#x943;.;16&#x92A;&#x943;.;16&#x92A;&#x943;.;):</subfield>
    <subfield code="c">27&#x938;&#x947;&#x92E;&#x940;(&#x905;&#x91C;&#x93F;&#x932;&#x94D;&#x926;)</subfield>
    <subfield code="b">&#x938;&#x91A;&#x93F;&#x924;&#x94D;&#x930;</subfield>
  </datafield>
  <datafield tag="490" ind1=" " ind2=" ">
    <subfield code="a">7-in one</subfield>
  </datafield>
  <datafield tag="942" ind1=" " ind2=" ">
    <subfield code="2">ddc</subfield>
    <subfield code="c">CH</subfield>
    <subfield code="m">&#x930;&#x947;&#x928;&#x92C;&#x94B;</subfield>
    <subfield code="h">&#x915;</subfield>
  </datafield>
  <datafield tag="952" ind1=" " ind2=" ">
    <subfield code="0">0</subfield>
    <subfield code="1">0</subfield>
    <subfield code="3">&#x92D;&#x93E;.1</subfield>
    <subfield code="4">0</subfield>
    <subfield code="7">0</subfield>
    <subfield code="8">FIC</subfield>
    <subfield code="a">AV</subfield>
    <subfield code="b">AV</subfield>
    <subfield code="d">2019-12-16</subfield>
    <subfield code="e">&#x909;&#x92A;&#x939;&#x93E;&#x930; /9.12.19</subfield>
    <subfield code="g">50.00</subfield>
    <subfield code="l">8</subfield>
    <subfield code="o">&#x915; &#x930;&#x947;&#x928;&#x92C;&#x94B;</subfield>
    <subfield code="p">B-731369</subfield>
    <subfield code="q">2021-01-13</subfield>
    <subfield code="r">2020-12-30 00:00:00</subfield>
    <subfield code="s">2020-12-30</subfield>
    <subfield code="t">1</subfield>
    <subfield code="v">50.00</subfield>
    <subfield code="w">2019-12-16</subfield>
    <subfield code="y">CH</subfield>
    <subfield code="z">&#x909;&#x92A;&#x939;&#x93E;&#x930;</subfield>
  </datafield>
  <datafield tag="952" ind1=" " ind2=" ">
    <subfield code="0">0</subfield>
    <subfield code="1">0</subfield>
    <subfield code="3">&#x92D;&#x93E;.2</subfield>
    <subfield code="4">0</subfield>
    <subfield code="7">0</subfield>
    <subfield code="8">FIC</subfield>
    <subfield code="a">AV</subfield>
    <subfield code="b">AV</subfield>
    <subfield code="d">2019-12-16</subfield>
    <subfield code="e">&#x909;&#x92A;&#x939;&#x93E;&#x930; /9.12.19</subfield>
    <subfield code="g">50.00</subfield>
    <subfield code="l">13</subfield>
    <subfield code="m">1</subfield>
    <subfield code="o">&#x915; &#x930;&#x947;&#x928;&#x92C;&#x94B;</subfield>
    <subfield code="p">B-731370</subfield>
    <subfield code="r">2026-05-27 16:06:57</subfield>
    <subfield code="s">2025-10-29</subfield>
    <subfield code="t">1</subfield>
    <subfield code="v">50.00</subfield>
    <subfield code="y">CH</subfield>
    <subfield code="z">&#x909;&#x92A;&#x939;&#x93E;&#x930;</subfield>
  </datafield>
  <datafield tag="952" ind1=" " ind2=" ">
    <subfield code="0">0</subfield>
    <subfield code="1">0</subfield>
    <subfield code="3">&#x92D;&#x93E;.3</subfield>
    <subfield code="4">0</subfield>
    <subfield code="7">0</subfield>
    <subfield code="8">FIC</subfield>
    <subfield code="a">AV</subfield>
    <subfield code="b">AV</subfield>
    <subfield code="d">2019-12-16</subfield>
    <subfield code="e">&#x909;&#x92A;&#x939;&#x93E;&#x930; /9.12.19</subfield>
    <subfield code="g">50.00</subfield>
    <subfield code="l">11</subfield>
    <subfield code="o">&#x915; &#x930;&#x947;&#x928;&#x92C;&#x94B;</subfield>
    <subfield code="p">B-731371</subfield>
    <subfield code="r">2026-05-27 16:07:07</subfield>
    <subfield code="s">2025-10-29</subfield>
    <subfield code="t">1</subfield>
    <subfield code="v">50.00</subfield>
    <subfield code="y">CH</subfield>
    <subfield code="z">&#x909;&#x92A;&#x939;&#x93E;&#x930;</subfield>
  </datafield>
  <datafield tag="952" ind1=" " ind2=" ">
    <subfield code="0">0</subfield>
    <subfield code="1">0</subfield>
    <subfield code="3">&#x92D;&#x93E;.4</subfield>
    <subfield code="4">0</subfield>
    <subfield code="7">0</subfield>
    <subfield code="8">FIC</subfield>
    <subfield code="a">AV</subfield>
    <subfield code="b">AV</subfield>
    <subfield code="d">2019-12-16</subfield>
    <subfield code="e">&#x909;&#x92A;&#x939;&#x93E;&#x930; /9.12.19</subfield>
    <subfield code="g">50.00</subfield>
    <subfield code="l">7</subfield>
    <subfield code="m">0</subfield>
    <subfield code="o">&#x915; &#x930;&#x947;&#x928;&#x92C;&#x94B;</subfield>
    <subfield code="p">B-731372</subfield>
    <subfield code="q">2023-01-12</subfield>
    <subfield code="r">2022-12-29 00:00:00</subfield>
    <subfield code="s">2022-12-29</subfield>
    <subfield code="t">1</subfield>
    <subfield code="v">50.00</subfield>
    <subfield code="y">CH</subfield>
    <subfield code="z">&#x909;&#x92A;&#x939;&#x93E;&#x930;</subfield>
  </datafield>
  <datafield tag="952" ind1=" " ind2=" ">
    <subfield code="0">0</subfield>
    <subfield code="1">3</subfield>
    <subfield code="3">&#x92D;&#x93E;.5</subfield>
    <subfield code="4">0</subfield>
    <subfield code="7">0</subfield>
    <subfield code="8">FIC</subfield>
    <subfield code="a">AV</subfield>
    <subfield code="b">AV</subfield>
    <subfield code="d">2019-12-16</subfield>
    <subfield code="e">&#x909;&#x92A;&#x939;&#x93E;&#x930; /9.12.19</subfield>
    <subfield code="g">50.00</subfield>
    <subfield code="l">1</subfield>
    <subfield code="o">&#x915; &#x930;&#x947;&#x928;&#x92C;&#x94B;</subfield>
    <subfield code="p">B-731373</subfield>
    <subfield code="r">2020-03-03 00:00:00</subfield>
    <subfield code="s">2020-03-03</subfield>
    <subfield code="t">1</subfield>
    <subfield code="v">50.00</subfield>
    <subfield code="y">CH</subfield>
    <subfield code="z">&#x909;&#x92A;&#x939;&#x93E;&#x930;</subfield>
  </datafield>
  <datafield tag="952" ind1=" " ind2=" ">
    <subfield code="0">0</subfield>
    <subfield code="1">0</subfield>
    <subfield code="3">&#x92D;&#x93E;.6</subfield>
    <subfield code="4">0</subfield>
    <subfield code="7">0</subfield>
    <subfield code="8">FIC</subfield>
    <subfield code="a">AV</subfield>
    <subfield code="b">AV</subfield>
    <subfield code="d">2019-12-16</subfield>
    <subfield code="e">&#x909;&#x92A;&#x939;&#x93E;&#x930; /9.12.19</subfield>
    <subfield code="g">50.00</subfield>
    <subfield code="l">2</subfield>
    <subfield code="m">1</subfield>
    <subfield code="o">&#x915; &#x930;&#x947;&#x928;&#x92C;&#x94B;</subfield>
    <subfield code="p">B-731374</subfield>
    <subfield code="r">2020-05-05 00:00:00</subfield>
    <subfield code="s">2020-03-11</subfield>
    <subfield code="t">1</subfield>
    <subfield code="v">50.00</subfield>
    <subfield code="y">CH</subfield>
    <subfield code="z">&#x909;&#x92A;&#x939;&#x93E;&#x930;</subfield>
  </datafield>
  <datafield tag="952" ind1=" " ind2=" ">
    <subfield code="0">0</subfield>
    <subfield code="1">0</subfield>
    <subfield code="3">&#x92D;&#x93E;.7</subfield>
    <subfield code="4">0</subfield>
    <subfield code="7">0</subfield>
    <subfield code="8">FIC</subfield>
    <subfield code="a">AV</subfield>
    <subfield code="b">AV</subfield>
    <subfield code="d">2019-12-16</subfield>
    <subfield code="e">&#x909;&#x92A;&#x939;&#x93E;&#x930; /9.12.19</subfield>
    <subfield code="g">50.00</subfield>
    <subfield code="l">9</subfield>
    <subfield code="m">1</subfield>
    <subfield code="o">&#x915; &#x930;&#x947;&#x928;&#x92C;&#x94B;</subfield>
    <subfield code="p">B-731375</subfield>
    <subfield code="r">2025-11-07 00:00:00</subfield>
    <subfield code="s">2025-10-29</subfield>
    <subfield code="t">1</subfield>
    <subfield code="v">50.00</subfield>
    <subfield code="y">CH</subfield>
    <subfield code="z">&#x909;&#x92A;&#x939;&#x93E;&#x930;</subfield>
  </datafield>
  <datafield tag="952" ind1=" " ind2=" ">
    <subfield code="0">0</subfield>
    <subfield code="1">0</subfield>
    <subfield code="3">&#x92D;&#x93E;.8</subfield>
    <subfield code="4">0</subfield>
    <subfield code="7">0</subfield>
    <subfield code="8">FIC</subfield>
    <subfield code="a">AV</subfield>
    <subfield code="b">AV</subfield>
    <subfield code="d">2019-12-16</subfield>
    <subfield code="e">&#x909;&#x92A;&#x939;&#x93E;&#x930; /9.12.19</subfield>
    <subfield code="g">50.00</subfield>
    <subfield code="l">0</subfield>
    <subfield code="o">&#x915; &#x930;&#x947;&#x928;&#x92C;&#x94B;</subfield>
    <subfield code="p">B-731376</subfield>
    <subfield code="r">2019-12-16 00:00:00</subfield>
    <subfield code="t">1</subfield>
    <subfield code="v">50.00</subfield>
    <subfield code="y">CH</subfield>
    <subfield code="z">&#x909;&#x92A;&#x939;&#x93E;&#x930;</subfield>
  </datafield>
</record>
